[Event "Mumbai Wealth op 3rd"]
[Site "Mumbai"]
[Date "2018.01.05"]
[Round "7"]
[White "Shyam Kumar, M."]
[Black "Ajay, Karthikeyan"]
[Result "0-1"]
[WhiteElo "1863"]
[BlackElo "2224"]
[PlyCount "78"]
[EventDate "2017.12.30"]
[EventType "swiss"]
[EventRounds "9"]
[EventCountry "IND"]
[SourceTitle "CBM 182 Extra"]
[Source "ChessBase"]
[SourceDate "2018.02.23"]
[SourceVersion "1"]
[SourceVersionDate "2018.02.23"]
[SourceQuality "1"]

1. d4 Nf6 2. c4 g6 3. Nc3 Bg7 4. e4 d6 5. f3 0-0 6. Be3 c5 7. dxc5 dxc5 8. Qxd8 Rxd8 9. Bxc5 Nc6 10. Nd5 Nd7 11. Nxe7+ Nxe7 12. Bxe7 Bxb2 13. Rb1 Bc3+ 14. Kd1 Re8 15. Ne2 Bg7 16. Bb4 Ne5 17. Nf4 f5 18. Nd5 fxe4 19. Nc7 Rd8+ 20. Ke1 Rb8 21. fxe4 Rd4 22. Nb5 Rxe4+ 23. Kf2 Ng4+ 24. Kg1 Bd7 25. Bd3 Bxb5 26. Bxe4 Bd4+ 27. Kf1 Bxc4+ 28. Ke1 Re8 29. Kd2 Rxe4 30. Rbe1 Be3+ 31. Kc3 Nf2 32. Rhg1 Ba6 33. Rb1 Rc4+ 34. Kb3 Nd3 35. Rgd1 Rxb4+ 36. Ka3 Rxb1 37. Rxb1 Bc4 38. Ka4 b5+ 39. Ka5 Bb6+ 0-1

[Event "Mumbai Wealth op 3rd"]
[Site "Mumbai"]
[Date "2018.01.03"]
[Round "5"]
[White "Shyam Kumar, M."]
[Black "Goswami, Vedant"]
[Result "1/2-1/2"]
[WhiteElo "1863"]
[BlackElo "2157"]
[PlyCount "71"]
[EventDate "2017.12.30"]
[EventType "swiss"]
[EventRounds "9"]
[EventCountry "IND"]
[SourceTitle "CBM 182 Extra"]
[Source "ChessBase"]
[SourceDate "2018.02.23"]
[SourceVersion "1"]
[SourceVersionDate "2018.02.23"]
[SourceQuality "1"]

1. d4 Nf6 2. c4 e6 3. g3 Bb4+ 4. Bd2 a5 5. Bg2 d5 6. a3 Bxd2+ 7. Nxd2 0-0 8. e3 c5 9. Ngf3 cxd4 10. exd4 Nc6 11. 0-0 Qb6 12. cxd5 exd5 13. Qb3 Qxb3 14. Nxb3 a4 15. Nc5 b6 16. Nd3 Ba6 17. Rfd1 Rac8 18. Rac1 Bxd3 19. Rxd3 Nxd4 20. Rxc8 Nxf3+ 21. Bxf3 Rxc8 22. Bxd5 Kf8 23. Bf3 Rc1+ 24. Kg2 Rc2 25. b3 axb3 26. Rxb3 Ra2 27. Rxb6 Rxa3 28. Rb7 Rd3 29. Rb8+ Ke7 30. Rb7+ Rd7 31. h3 Rxb7 32. Bxb7 Ne8 33. Be4 Nf6 34. Bb7 Ne8 35. Be4 Nf6 36. Bb7 1/2-1/2

[Event "IND-ch U17"]
[Site "Saravanampatty"]
[Date "2017.10.31"]
[Round "10"]
[White "Shyam Kumar, M."]
[Black "Jeet, Jain"]
[Result "0-1"]
[WhiteElo "1718"]
[BlackElo "2274"]
[PlyCount "152"]
[EventDate "2017.10.24"]
[EventType "swiss"]
[EventRounds "11"]
[EventCountry "IND"]
[SourceTitle "CBM 181 Extra"]
[Source "ChessBase"]
[SourceDate "2017.12.12"]
[SourceVersion "1"]
[SourceVersionDate "2017.12.12"]
[SourceQuality "1"]

1. d4 d5 2. c4 e6 3. Nc3 a6 4. cxd5 exd5 5. Nf3 Nf6 6. Bg5 Be6 7. e3 Nbd7 8. Bd3 Bd6 9. Qc2 h6 10. Bf4 Qe7 11. 0-0 0-0 12. Rab1 c5 13. Bxd6 Qxd6 14. dxc5 Nxc5 15. Nd4 Nxd3 16. Qxd3 Ng4 17. f4 Rad8 18. Rbd1 Rfe8 19. Rf3 Nf6 20. h3 b5 21. a3 Qb6 22. Nde2 Bc8 23. f5 Re5 24. b4 Rde8 25. Nd4 Ne4 26. Nce2 Qf6 27. Rdf1 h5 28. h4 Nd6 29. Nf4 Bxf5 30. Nxf5 Qxf5 31. Rd1 Qxd3 32. Rxd3 Nf5 33. Nxd5 Nxh4 34. Rh3 Ng6 35. Nc7 Rc8 36. Nxa6 Rc2 37. Rf3 Rg5 38. Rf2 Rc1+ 39. Rf1 Rc6 40. Nc5 Nh4 41. Rd2 Rcg6 42. Rff2 Rg3 43. Rde2 Nf3+ 44. Kf1 Ne5 45. Ne4 R3g4 46. Rf4 Nc4 47. Nc3 Nxe3+ 48. Kf2 Nd1+ 49. Nxd1 Rxf4+ 50. Kg1 Rc4 51. Ne3 Re4 52. Kf2 Rge6 53. Re1 Kh7 54. Kf3 f5 55. Kf2 f4 56. Nc2 Rxe1 57. Nxe1 Re3 58. Nc2 Rc3 59. Nd4 Rxa3 60. Nxb5 Rb3 61. Nd4 Rxb4 62. Nf3 Rb2+ 63. Kg1 Kg6 64. Nh4+ Kf6 65. Nf3 g5 66. Kh1 g4 67. Nh4 Kg5 68. g3 fxg3 69. Ng2 h4 70. Ne1 Rb1 71. Kg2 h3+ 72. Kf1 g2+ 73. Kf2 g1Q+ 74. Kxg1 Rxe1+ 75. Kh2 Re2+ 76. Kg3 Rg2# 0-1

[Event "IND-ch U17"]
[Site "Saravanampatty"]
[Date "2017.10.26"]
[Round "4"]
[White "Dileep, Kumar R"]
[Black "Shyam Kumar, M."]
[Result "1/2-1/2"]
[WhiteElo "2182"]
[BlackElo "1718"]
[PlyCount "77"]
[EventDate "2017.10.24"]
[EventType "swiss"]
[EventRounds "11"]
[EventCountry "IND"]
[SourceTitle "CBM 181 Extra"]
[Source "ChessBase"]
[SourceDate "2017.12.12"]
[SourceVersion "1"]
[SourceVersionDate "2017.12.12"]
[SourceQuality "1"]

1. e4 e5 2. Nf3 Nc6 3. Bb5 Nge7 4. d4 exd4 5. Nxd4 g6 6. Nc3 Bg7 7. Be3 0-0 8. 0-0 a6 9. Be2 b5 10. a4 b4 11. Nd5 Nxd5 12. exd5 Nxd4 13. Bxd4 a5 14. d6 Bxd4 15. Qxd4 Ba6 16. Rfe1 Bxe2 17. Rxe2 Ra6 18. dxc7 Qxc7 19. Rd1 Re6 20. Red2 Rfe8 21. g3 Qc6 22. Qd5 Re1+ 23. Rxe1 Rxe1+ 24. Kg2 Re5 25. Qxc6 dxc6 26. f4 Rc5 27. Kf3 f5 28. Ke3 Kf7 29. Re2 Rd5 30. c3 bxc3 31. bxc3 c5 32. Rb2 c4 33. Rb7+ Ke6 34. Rb6+ Kd7 35. Rb7+ Ke6 36. Rb6+ Kd7 37. Rb7+ Ke6 38. Rb6+ Kd7 39. Rb7+ 1/2-1/2